000 00394nam a2200157Ia 4500
008 180921t1947 xxu||||| ||||o00| 0 eng d
041 _aeng
080 _a1947 January-June
245 4 _aThe Ceylon Government Gazette
260 _c1947
300 _ap.62-44, 33 cm
500 _aPart 1.-General.
_aNo.9651-Friday
942 _cBK
999 _c58791
_d58791
003 LK-CoDNM
040 _aLK-CoDNM
_dLK-CoDNM
_eLK-CoDNM